El arca de Noé (Record no. 19696)

MARC details
000 -LEADER
campo de control de longitud fija 00575nmm a2200241 a 4500
003 - IDENTIFICADOR DE NÚMERO DE CONTROL
campo de control AR-BaBNM
005 - FECHA Y HORA DE LA ÚLTIMA TRANSACCIÓN
campo de control 20251128211434.0
008 - DATOS DE LONGITUD FIJA--INFORMACIÓN GENERAL
campo de control de longitud fija 264020s2000 ||||||||||||||000 | spa||
020 ## - NÚMERO INTERNACIONAL ESTÁNDAR DEL LIBRO
Número Internacional Estándar del Libro 950-24-0933-7
040 ## - FUENTE DE CATALOGACIÓN
Centro/agencia transcriptor AR-BaBNM
100 1# - ENTRADA PRINCIPAL--NOMBRE DE PERSONA
Nombre de persona Box, Su
245 10 - MENCIÓN DEL TÍTULO
Título El arca de Noé
260 ## - PUBLICACIÓN, DISTRIBUCIÓN, ETC.
Lugar de publicación, distribución, etc. Buenos Aires
Nombre del editor, distribuidor, etc. Albatros
Fecha de publicación, distribución, etc. 2000
300 ## - DESCRIPCIÓN FÍSICA
Extensión 31 p.
650 #4 - PUNTO DE ACCESO ADICIONAL DE MATERIA--TÉRMINO DE MATERIA
Término de materia o nombre geográfico como elemento de entrada LITERATURA INFANTIL
650 #4 - PUNTO DE ACCESO ADICIONAL DE MATERIA--TÉRMINO DE MATERIA
Término de materia o nombre geográfico como elemento de entrada LIBROS PARA NINOS
650 #4 - PUNTO DE ACCESO ADICIONAL DE MATERIA--TÉRMINO DE MATERIA
Término de materia o nombre geográfico como elemento de entrada BIBLIA
650 #4 - PUNTO DE ACCESO ADICIONAL DE MATERIA--TÉRMINO DE MATERIA
Término de materia o nombre geográfico como elemento de entrada EDUCACION RELIGIOSA
655 ## - TERMINO DE INDIZACIÓN--GENERO/FORMA
Datos o término principal de género/forma LITERATURA
700 1# - ENTRADA AGREGADA--NOMBRE PERSONAL
Nombre de persona Poole, Susie
Término indicativo de función/relación ilustrador
942 ## - ELEMENTOS DE ENTRADA SECUNDARIOS (KOHA)
Tipo de ítem Koha Libros
998 ## - INFORMACIÓN DE CONTROL LOCAL (RLIN)
Iniciales del catalogador, CIN (RLIN) martin
Holdings
Estatus retirado Estado de pérdida Fuente de la clasificación o esquema de estantería Estado de daño Restricciones de uso No para préstamo Biblioteca de origen Biblioteca actual Fecha de adquisición Total de préstamos Signatura topográfica completa Código de barras Visto por última vez Precio de reemplazo Tipo de ítem Koha
    Clasificación Decimal Dewey   Acceso restringido No para préstamo Liberty Liberty 28/11/2025   82-93 BOX 134964 28/11/2025 28/11/2025 Libros